Phylogenetic relationships of Colletotrichum species infecting rubber (Hevea brasiliensis) based on nuclear ribosomal DNA spacer sequences (Record no. 50021)

MARC details
000 -LEADER
fixed length control field 00794nam a2200205Ia 4500
100 ## - MAIN ENTRY--AUTHOR NAME
Personal name Roy C B
245 #0 - TITLE STATEMENT
Title Phylogenetic relationships of Colletotrichum species infecting rubber (Hevea brasiliensis) based on nuclear ribosomal DNA spacer sequences
260 ## - PUBLICATION, DISTRIBUTION, ETC. (IMPRINT)
Name of publisher In: Emerging Trends in Mycology Plant Pathology and Microbial Biotechnology (Eds. G. Bagyanarayana, B. Bhadraiah and I.K. Kunwar). BS Publications, Hyderabad, India, pp.284-298.
Year of publication 2005
650 ## - SUBJECT ADDED ENTRY--TOPICAL TERM
Topical Term Colletotrichum acutatum
650 ## - SUBJECT ADDED ENTRY--TOPICAL TERM
Topical Term Colletotrichum gloeosporioides
650 ## - SUBJECT ADDED ENTRY--TOPICAL TERM
Topical Term ITS-RFLP
650 ## - SUBJECT ADDED ENTRY--TOPICAL TERM
Topical Term Phylogenetic relationship
650 ## - SUBJECT ADDED ENTRY--TOPICAL TERM
Topical Term rDNA spacers
700 ## - ADDED ENTRY--PERSONAL NAME
Personal name Jacob C K
700 ## - ADDED ENTRY--PERSONAL NAME
Personal name Nazeer
700 ## - ADDED ENTRY--PERSONAL NAME
Personal name Ravindran R
700 ## - ADDED ENTRY--PERSONAL NAME
Personal name Saha T
942 ## - ADDED ENTRY ELEMENTS (KOHA)
Koha item type Bibliography STAF
700 ## - ADDED ENTRY--PERSONAL NAME
-- M A
Holdings
Withdrawn status Lost status Damaged status Not for loan Home library Current library Shelving location Date acquired Koha item type
      Bibliography RRII Library RRII Library Mycology 01/01/2021 Bibliography STAF